| 000 | 01113cam a2200289 a 4500 | ||
|---|---|---|---|
| 001 | 1583725 | ||
| 003 | ARRUPE | ||
| 005 | 20160407095545.0 | ||
| 008 | 940316s1992 enka b 001 0 eng | ||
| 010 | _a 93118034 | ||
| 020 | _a187320101X | ||
| 020 | _a1873201060 (pbk) | ||
| 040 |
_aDLC _cDLC _dDLC |
||
| 043 |
_ae-uk--- _anw----- |
||
| 050 | 0 | 0 |
_aNX543 _b.W35 1992 |
| 100 | 1 |
_aWalmsley, Anne. _923568 |
|
| 245 | 1 | 4 |
_aThe Caribbean Artists Movement, 1966-1972 : _ba literary & cultural history / _cAnne Walmsley. |
| 260 |
_aLondon : _bNew Beacon Books, _c1992. |
||
| 300 |
_axx, 356 : _bill. (some col.) ; _c24 cm. |
||
| 504 | _aIncludes bibliographical references (p. 341-346) and index. | ||
| 610 | 2 | 0 |
_aCaribbean Artists Movement _xHistory. _923569 |
| 650 | 0 |
_aArts, British _xWest Indian influences. _923570 |
|
| 650 | 0 |
_aArtists, Black _zGreat Britain _xHistory. _923571 |
|
| 906 |
_a7 _bcbu _corignew _d3 _encip _f19 _gy-gencatlg |
||
| 942 |
_2lcc _cMONOGRAPH |
||
| 999 |
_c124536 _d124536 |
||